Význam ochranných známok v medzinárodnom podnikaní bakalárska práca

Saved in:
Bibliographic Details
Main Author: Hegedüsová, Táňa
Corporate Author: Obchodná fakulta EU. Katedra obchodného práva
Other Authors: Kropaj, Marián, 1983-
Format: Book
Language:Slovak
Published: Bratislava 2018
Tags: Add Tag
No Tags, Be the first to tag this record!

MARC

LEADER 00000nbm a2200000 4500
001 0245044
005 20180730130441.2
041 0 |a slo 
044 |a SK 
245 1 0 |a Význam ochranných známok v medzinárodnom podnikaní  |b bakalárska práca  |c Táňa Hegedüsová ; školiteľ: Marian Kropaj 
264 1 |a Bratislava  |c 2018 
300 |a 42 s. 
100 1 |a Hegedüsová, Táňa 
700 1 |a Kropaj, Marián, 1983- 
710 2 |a Obchodná fakulta EU. Katedra obchodného práva